<?xml version="1.0" encoding="UTF-8"?>
<record
    xmlns:xsi="http://www.w3.org/2001/XMLSchema-instance"
    xsi:schemaLocation="http://www.loc.gov/MARC21/slim http://www.loc.gov/standards/marcxml/schema/MARC21slim.xsd"
    xmlns="http://www.loc.gov/MARC21/slim">

  <leader>01262nab a2200217 i 4500</leader>
  <controlfield tag="001">768714001</controlfield>
  <controlfield tag="003">CO-MdFUSB</controlfield>
  <controlfield tag="005">20240313145946.0</controlfield>
  <controlfield tag="008">230427s2012    ag ||||| |||| 00| 0 eng d</controlfield>
  <datafield tag="022" ind1=" " ind2=" ">
    <subfield code="a">1669-8649</subfield>
  </datafield>
  <datafield tag="040" ind1=" " ind2=" ">
    <subfield code="b">eng</subfield>
    <subfield code="a">CO-MdFUSB</subfield>
    <subfield code="c">CO-MdFUSB</subfield>
    <subfield code="d">CO-MdFUSB</subfield>
  </datafield>
  <datafield tag="041" ind1=" " ind2=" ">
    <subfield code="a">eng</subfield>
  </datafield>
  <datafield tag="100" ind1=" " ind2=" ">
    <subfield code="a">Riffo Ulloa, Rodrigo, </subfield>
    <subfield code="e">autor</subfield>
  </datafield>
  <datafield tag="245" ind1=" " ind2=" ">
    <subfield code="a">A New Latin American Song : </subfield>
    <subfield code="b">a permanent challenge for the liturgy of the evangelical church</subfield>
    <subfield code="c">/ Rodrigo Riffo Ulloa</subfield>
  </datafield>
  <datafield tag="300" ind1=" " ind2=" ">
    <subfield code="a">Volumen 7, n&#xFA;mero 2 (2012), p&#xE1;ginas: 65 - 78</subfield>
    <subfield code="c">; 23 cm</subfield>
  </datafield>
  <datafield tag="520" ind1=" " ind2=" ">
    <subfield code="a">Este art&#xED;culo es una invitaci&#xF3;n abierta a encontrar una nueva canci&#xF3;n, y a encontrarla en medio de la desesperanza social, pero entendiendo el &#x201C;por qu&#xE9;&#x201D; y el &#x201C;para qui&#xE9;n&#x201D; de la canci&#xF3;n. Los peligros son bien descritos: escribir una nueva canci&#xF3;n &#x201C;del lado de la justicia del reino de Dios es valiente y riesgoso; es una canci&#xF3;n prof&#xE9;tica porque sostiene indignaci&#xF3;n contra canciones insensibles que alienan a los seres humanos&#x201D;.</subfield>
  </datafield>
  <datafield tag="546" ind1=" " ind2=" ">
    <subfield code="a">Texto en ingl&#xE9;s</subfield>
  </datafield>
  <datafield tag="650" ind1=" " ind2="7">
    <subfield code="9">206</subfield>
    <subfield code="a">Liturgia</subfield>
  </datafield>
  <datafield tag="773" ind1="0" ind2=" ">
    <subfield code="0">49416</subfield>
    <subfield code="9">81279</subfield>
    <subfield code="d"> Santiago de Chile</subfield>
    <subfield code="o">R1727</subfield>
    <subfield code="t">Journal of Latin American Theology :</subfield>
    <subfield code="w">(CO-MdFUSB)118</subfield>
    <subfield code="x">1669-8949</subfield>
    <subfield code="g">Volumen 7, n&#xFA;mero 2 (2012), p&#xE1;ginas: 65 - 78</subfield>
    <subfield code="q">p&#xE1;gina 65</subfield>
  </datafield>
  <datafield tag="942" ind1=" " ind2=" ">
    <subfield code="c">ANA</subfield>
  </datafield>
  <datafield tag="999" ind1=" " ind2=" ">
    <subfield code="c">68795</subfield>
    <subfield code="d">68795</subfield>
  </datafield>
</record>
